000 00701nam a2200217 u 4500
005 20210223131708.0
008 120323s2009 r 000 0 eng d
020 _a9789508023148
035 _aUPN01000183879
049 _aCG
050 4 _aHD7321 B8
_bR6.2
100 1 _aRodríguez, María Carla
245 1 0 _aAutogestión, políticas del hábitat y transformación social /
_cMaría Carla Rodríguez.
260 _aBuenos Aires :
_bEspacio,
_c2009.
300 _a270 p. :
_bcuadros
440 0 _aDesarrollo social y sociedad
650 4 _aVIVIENDA -
_zBUENOS AIRES, ARGENTINA
_920433
650 4 _aPOLITICA DE VIVIENDA -
_zBUENOS AIRES, ARGENTINA
_920432
905 _aLibro
999 _c155982
_d155982